000 00486nam a2200181Ia 4500
001 20920
005 20260306172841.0
008 260306t2021||||xx |||||||||||||| ||spa||
041 _aESP
082 _a343.8
_bV41
100 _aVéliz Lázaro, Héctor
_eAUT
245 0 _aFiscalización. Pautas para afrontarla / Trámites presenciales y virtuales ante Sunat
260 _c2021
300 _a64 páginas :
_c24 cm.
650 _aGEN
654 _aCCO
942 _cLIB
_dJUS
_fJUS
_2ddc
_n
999 _c20920
_d20920